000
00279nam a22001217a 4500
082
_a
200
_b
FAR/L
100
_a
FARSTAD, ARTHUR L
245
_a
LIVING WATER
_b
THE GOSPEL OF JOHN
260
_a
UNITED STATES
_b
LOGOS
300
_a
72
650
_a
SPIRITUAL
_z
UNITED STATES
942
_c
BK
999
_c
4740
_d
4740